000 00415nam a2200157Ia 4500
008 230312s9999||||xx |||||||||||||| ||und||
020 _a0-07-049492-3
082 _a621.3
_bJAI-M
100 _aJain.R.P
245 0 _aModern Digital Electronics
260 _bTata McGraw Hill
_aIndia
_c2008
300 _a611
546 _aEng.
650 _aEngineering
_vFundamental Concepts, Number Systems and Codes
942 _cBK
999 _c1453
_d1453